|
|
|
|
| LEADER |
00000nam a2200000 a 4500 |
| 001 |
vtls001418425 |
| 003 |
SK-MaSNL |
| 005 |
20260301202413.0 |
| 008 |
240315s1940 xx 0 und |
| 035 |
|
|
|a SNK000373227
|
| 040 |
|
|
|a SNK
|b slo
|c SNK
|e AACR2
|
| 100 |
1 |
|
|a Issatschenko, Alexander
|4 aut
|9 298205
|
| 245 |
1 |
|
|a Tense and auxiliary verbs with special reference to slavic languages
|
| 260 |
|
|
|a S.l.
|b s.n.
|c 1940
|
| 300 |
|
|
|a S. 189-197
|
| 999 |
|
|
|c 898705
|d 900635
|
| 952 |
|
|
|t P60, <04>, [BOOK], {604}
|a SNK
|b SNK
|y VYP
|7 0
|p 17A0309396
|o snkIB 716/2
|0 0
|1 0
|4 0
|d 2001-08-09
|l 0
|r 2005-01-02 00:00:00
|w 2026-02-24
|